<?xml version="1.0" encoding="UTF-8"?>
<collection xmlns="http://www.loc.gov/MARC21/slim">
 <record>
  <leader>01566cam a2200373  c4500</leader>
  <controlfield tag="001">1136160256</controlfield>
  <controlfield tag="003">DE-627</controlfield>
  <controlfield tag="005">20201206055608.0</controlfield>
  <controlfield tag="007">tu</controlfield>
  <controlfield tag="008">980602s1998    xx |||||      00| ||ger c</controlfield>
  <datafield tag="020" ind1=" " ind2=" ">
   <subfield code="a">3406441874</subfield>
   <subfield code="9">3-406-44187-4</subfield>
  </datafield>
  <datafield tag="035" ind1=" " ind2=" ">
   <subfield code="a">(DE-627)1136160256</subfield>
  </datafield>
  <datafield tag="035" ind1=" " ind2=" ">
   <subfield code="a">(DE-576)066160251</subfield>
  </datafield>
  <datafield tag="035" ind1=" " ind2=" ">
   <subfield code="a">(DE-599)BSZ066160251</subfield>
  </datafield>
  <datafield tag="035" ind1=" " ind2=" ">
   <subfield code="a">(OCoLC)313013143</subfield>
  </datafield>
  <datafield tag="035" ind1=" " ind2=" ">
   <subfield code="a">(OCoLC)313013143</subfield>
  </datafield>
  <datafield tag="040" ind1=" " ind2=" ">
   <subfield code="a">DE-627</subfield>
   <subfield code="b">ger</subfield>
   <subfield code="c">DE-627</subfield>
   <subfield code="e">rakwb</subfield>
  </datafield>
  <datafield tag="041" ind1=" " ind2=" ">
   <subfield code="a">ger</subfield>
  </datafield>
  <datafield tag="084" ind1=" " ind2=" ">
   <subfield code="a">LK 10000</subfield>
   <subfield code="2">rvk</subfield>
   <subfield code="0">(DE-625)rvk/97475:</subfield>
  </datafield>
  <datafield tag="090" ind1=" " ind2=" ">
   <subfield code="a">a</subfield>
  </datafield>
  <datafield tag="100" ind1="1" ind2=" ">
   <subfield code="a">Klotz, Heinrich</subfield>
   <subfield code="d">1935-1999</subfield>
   <subfield code="0">(DE-588)119187132</subfield>
   <subfield code="0">(DE-627)224450611</subfield>
   <subfield code="0">(DE-576)161745237</subfield>
   <subfield code="4">aut</subfield>
  </datafield>
  <datafield tag="245" ind1="1" ind2="0">
   <subfield code="a">Geschichte der deutschen Kunst</subfield>
   <subfield code="n">1</subfield>
   <subfield code="p">Mittelalter 600 - 1400 / von Heinrich Klotz</subfield>
  </datafield>
  <datafield tag="264" ind1=" " ind2="1">
   <subfield code="a">München</subfield>
   <subfield code="b">Beck</subfield>
   <subfield code="c">1998</subfield>
  </datafield>
  <datafield tag="300" ind1=" " ind2=" ">
   <subfield code="a">471 S.</subfield>
   <subfield code="b">zahlr. Ill., Kt.</subfield>
  </datafield>
  <datafield tag="336" ind1=" " ind2=" ">
   <subfield code="a">Text</subfield>
   <subfield code="b">txt</subfield>
   <subfield code="2">rdacontent</subfield>
  </datafield>
  <datafield tag="337" ind1=" " ind2=" ">
   <subfield code="a">ohne Hilfsmittel zu benutzen</subfield>
   <subfield code="b">n</subfield>
   <subfield code="2">rdamedia</subfield>
  </datafield>
  <datafield tag="338" ind1=" " ind2=" ">
   <subfield code="a">Band</subfield>
   <subfield code="b">nc</subfield>
   <subfield code="2">rdacarrier</subfield>
  </datafield>
  <datafield tag="773" ind1="1" ind2="8">
   <subfield code="w">(DE-627)1136160167</subfield>
   <subfield code="w">(DE-576)066160162</subfield>
   <subfield code="g">1</subfield>
   <subfield code="q">1</subfield>
   <subfield code="7">|||m</subfield>
  </datafield>
  <datafield tag="787" ind1="0" ind2="8">
   <subfield code="i">Rezension</subfield>
   <subfield code="a">Brenk, Beat, 1935 - </subfield>
   <subfield code="t">[Rezension von: Heinrich Klotz, Geschichte der deutschen Kunst, Bd. 1]</subfield>
   <subfield code="d">2001</subfield>
   <subfield code="w">(DE-627)1540343103</subfield>
   <subfield code="w">(DE-576)470343109</subfield>
  </datafield>
  <datafield tag="935" ind1=" " ind2=" ">
   <subfield code="i">sf</subfield>
  </datafield>
  <datafield tag="936" ind1="r" ind2="v">
   <subfield code="a">LK 10000</subfield>
   <subfield code="b">Gesamtdarstellungen und Darstellungen mehrerer Epochen</subfield>
   <subfield code="k">Kunstgeschichte</subfield>
   <subfield code="k">Kunst nach Ländern bzw. Kontinenten</subfield>
   <subfield code="k">Deutschland</subfield>
   <subfield code="k">Kunstgeschichte Deutschlands</subfield>
   <subfield code="k">Gesamtdarstellungen und Darstellungen mehrerer Epochen</subfield>
   <subfield code="0">(DE-627)1270637908</subfield>
   <subfield code="0">(DE-625)rvk/97475:</subfield>
   <subfield code="0">(DE-576)200637908</subfield>
  </datafield>
  <datafield tag="951" ind1=" " ind2=" ">
   <subfield code="a">MV</subfield>
  </datafield>
  <datafield tag="991" ind1=" " ind2=" ">
   <subfield code="a">Rezensiertes Werk</subfield>
  </datafield>
  <datafield tag="999" ind1=" " ind2=" ">
   <subfield code="a">KXP-PPN1136160256</subfield>
   <subfield code="e">4073615440</subfield>
  </datafield>
 </record>
</collection>
